00561 2200193 4500001002100000005001500021008004100036020003300077035001900110041000800129082001100137084001700148100001700165700003300182700000900215245006400224260004800288650003100336INLIS00000000000178920200508201618200508||||||||| | ||| |||| ||ind|| a979-8438-16-7 979-8438-14-00 0010-0520001789 aind0 a342.02 a342.02/TIM/S0 aTim Penyusun0 aTim Redaksi Wikrama Waskhita0 a199600aSeri Peraturan Peeerundang-Undangan Republik INdonesia 1995 aJakartabTim Redaksi Wikrama Waskhitac1996 0aSeri Peraturan Perundangan